[Event "Sachsen-Anhalt-Hamburg"]
[Site "Wismar"]
[Date "2009.10.01"]
[Round "3.8"]
[White "Pallas, Sebastian"]
[Black "Rolfs, Rebecca"]
[Result "0-1"]
[WhiteElo "1371"]
[BlackElo "1158"]
[PlyCount "44"]
[EventDate "2009.??.??"]
[WhiteTeam "Sachsen-Anhalt"]
[BlackTeam "Hamburg"]

1. d4 {[%emt 0:00:00]} d5 2. c4 e6 3. Nc3 c6 4. Nf3 Nf6 5. Bg5 Be7 6. e3 Nbd7
7. Bd3 O-O 8. O-O dxc4 9. Bxc4 b5 10. Bd3 a6 11. Re1 c5 12. Rc1 Bb7 13. Bxf6
Nxf6 14. Bb1 Rc8 15. dxc5 Bxc5 16. h3 Qc7 17. Nd2 Rfd8 18. Qc2 Qe5 19. Nf1 Bd6
20. f4 Qh5 21. Qe2 Qxe2 22. Rxe2 b4 0-1

[Event "Mecklenburg-Vorpommern 1-Mecklenburg-Vor"]
[Site "Wismar"]
[Date "2009.10.01"]
[Round "3.1"]
[White "Lehmann, Ruben"]
[Black "Kugler, Florian"]
[Result "0-1"]
[WhiteElo "1846"]
[BlackElo "2085"]
[PlyCount "56"]
[EventDate "2009.??.??"]
[WhiteTeam "Mecklenburg-Vorpommern 2"]
[BlackTeam "Mecklenburg-Vorpommern 1"]

1. d4 {[%emt 0:00:00]} Nf6 2. c4 g6 3. Nc3 d5 4. Nf3 Bg7 5. e3 O-O 6. cxd5 Nxd5
7. Bc4 Nb6 8. Bd3 Nc6 9. O-O e5 10. dxe5 Nxe5 11. Nxe5 Bxe5 12. Qc2 Qe7 13. e4
c6 14. Be3 Rd8 15. f4 Bd4 16. Bxd4 Rxd4 17. Rad1 Bg4 18. Rd2 Rad8 19. h3 Nc4
20. Bxc4 Rxd2 21. Qb3 b5 22. Bxb5 Bxh3 23. gxh3 cxb5 24. Nd5 Qc5+ 25. Kh1 Qc2
26. Qf3 Re2 27. f5 g5 28. Qg4 Kh8 0-1

[Event "Mecklenburg-Vorpommern 1-Mecklenburg-Vor"]
[Site "Wismar"]
[Date "2009.10.01"]
[Round "3.2"]
[White "Voelsgen, Georg"]
[Black "Weber, Max"]
[Result "1/2-1/2"]
[WhiteElo "1987"]
[BlackElo "1894"]
[PlyCount "80"]
[EventDate "2009.??.??"]
[WhiteTeam "Mecklenburg-Vorpommern 1"]
[BlackTeam "Mecklenburg-Vorpommern 2"]

1. e4 {[%emt 0:00:00]} e6 2. d4 d5 3. Nd2 Be7 4. Ngf3 Nf6 5. Bd3 c5 6. c3 cxd4
7. cxd4 dxe4 8. Nxe4 Bd7 9. O-O Nxe4 10. Bxe4 Bc6 11. Bc2 Nd7 12. Be3 a6 13.
Re1 Rc8 14. Rc1 Nf6 15. Ne5 Bd5 16. a3 O-O 17. f3 Qb6 18. b4 a5 19. Qd3 g6 20.
bxa5 Qxa5 21. a4 Bb4 22. Re2 Rc3 23. Qd1 Rfc8 24. Bd2 R3c7 25. Rb1 Bxd2 26.
Rxd2 Ne8 27. Bd3 Nd6 28. Rdb2 Qc3 29. Rb4 Ba2 30. R1b2 Qa3 31. Qd2 Rc1+ 32. Kf2
Bd5 33. h3 Qc3 34. Qxc3 R8xc3 35. Bb1 Nc4 36. Nxc4 Rxc4 37. Kg3 Kg7 38. Bd3
R4c3 39. Bb1 Rg1 40. Kh2 Re1 1/2-1/2

[Event "Mecklenburg-Vorpommern 1-Mecklenburg-Vor"]
[Site "Wismar"]
[Date "2009.10.01"]
[Round "3.3"]
[White "Schreiber, Kevin"]
[Black "Stoevesand, Eric"]
[Result "0-1"]
[WhiteElo "1752"]
[BlackElo "1847"]
[PlyCount "40"]
[EventDate "2009.??.??"]
[WhiteTeam "Mecklenburg-Vorpommern 2"]
[BlackTeam "Mecklenburg-Vorpommern 1"]

1. d4 {[%emt 0:00:00]} d5 2. Bf4 Nf6 3. e3 e6 4. Nf3 Nbd7 5. Nbd2 Be7 6. Bd3 c5
7. c3 b6 8. Ne5 Nxe5 9. dxe5 Nd7 10. Qg4 g5 11. h4 gxf4 12. Qg7 Rf8 13. Nf3
fxe3 14. Ng5 Bxg5 15. hxg5 exf2+ 16. Kxf2 Qc7 17. g6 Qxe5 18. Qxh7 fxg6+ 19.
Kg1 Qe3+ 20. Kh2 Qxd3 0-1

[Event "Mecklenburg-Vorpommern 1-Mecklenburg-Vor"]
[Site "Wismar"]
[Date "2009.10.01"]
[Round "3.5"]
[White "Siegert, Gregor"]
[Black "Scheel, Henrik"]
[Result "0-1"]
[WhiteElo "1435"]
[BlackElo "1632"]
[PlyCount "64"]
[EventDate "2009.??.??"]
[WhiteTeam "Mecklenburg-Vorpommern 2"]
[BlackTeam "Mecklenburg-Vorpommern 1"]

1. e4 e5 2. Nf3 Nc6 3. Bc4 Bc5 4. Nc3 Nf6 5. O-O d6 6. d3 Bg4 7. Be3 Nd4 8.
Bxd4 Bxd4 9. Nb5 Bb6 10. c3 c6 11. Na3 O-O 12. Nc2 Qc7 13. Ne3 Bxe3 14. fxe3 d5
15. exd5 cxd5 16. Bb3 e4 17. h3 Bh5 18. Qe1 exf3 19. gxf3 Rfe8 20. Kh1 Bg6 21.
d4 a6 22. Rg1 Qd7 23. Kh2 Qe7 24. Bd1 Qxe3 25. Qh4 Nh5 26. Kh1 Qh6 27. Qg4 Qf4
28. Qg2 Re3 29. a4 Rae8 30. a5 Re1 31. Ba4 Rxa1 32. Rxa1 Re2 0-1

[Event "Mecklenburg-Vorpommern 1-Mecklenburg-Vo"]
[Site "Wismar"]
[Date "2009.10.01"]
[Round "3.6"]
[White "Rogasch, Miriam"]
[Black "Wulf, Constanze"]
[Result "1-0"]
[WhiteElo "1578"]
[BlackElo "1276"]
[PlyCount "79"]
[EventDate "2009.??.??"]
[WhiteTeam "Mecklenburg-Vorpommern 1"]
[BlackTeam "Mecklenburg-Vorpommern 2"]

1. e4 {[%emt 0:00:00]} c5 2. Nf3 Nc6 3. d4 cxd4 4. Nxd4 g6 5. Nc3 Bg7 6. Be3 d6
7. Bc4 Nf6 8. f3 O-O 9. Qd2 Re8 10. O-O-O Bd7 {[%emt 0:00:00]} 11. h4 Qc7 12.
Bb3 Na5 13. Bh6 Nxb3+ 14. Nxb3 Bh8 15. h5 Nxh5 16. Rxh5 f6 17. Rhh1 b5 18. Qd5+
e6 19. Qxd6 Qxd6 20. Rxd6 Re7 21. Nc5 b4 22. Rxd7 Rxd7 23. Nxd7 bxc3 24. bxc3
Rc8 25. Kb2 Bg7 26. Bxg7 Kxg7 27. Rd1 Kf7 28. e5 f5 29. f4 Rd8 30. Rd4 Ke7 31.
Nf6 h6 32. Rxd8 Kxd8 33. Kb3 g5 34. g3 gxf4 35. gxf4 Kc8 36. Kb4 Kb7 37. Kc5
Kc7 38. c4 a6 39. a4 a5 40. c3 1-0

[Event "Mecklenburg-Vorpommern 1-Mecklenburg-Vor"]
[Site "Wismar"]
[Date "2009.10.01"]
[Round "3.7"]
[White "Richter, Jannina"]
[Black "Schoebel, Ulrike"]
[Result "0-1"]
[WhiteElo "1161"]
[BlackElo "1681"]
[PlyCount "108"]
[EventDate "2009.??.??"]
[WhiteTeam "Mecklenburg-Vorpommern 2"]
[BlackTeam "Mecklenburg-Vorpommern 1"]

1. e4 d5 2. exd5 Qxd5 3. Nc3 Qa5 4. d4 Bf5 5. Bc4 c6 6. a3 e6 7. Be3 Nf6 8.
Nge2 Be7 9. O-O Nbd7 10. Ng3 Bg6 11. Qe2 O-O 12. Rfd1 Qc7 13. Bd3 Bxd3 14. Rxd3
Nb6 15. Bg5 Nfd5 16. Bxe7 Qxe7 17. Nxd5 cxd5 18. Rf3 Qg5 19. Qe3 Qxe3 20. Rxe3
Rfc8 21. Re2 Rc7 22. Rc1 Nc4 23. Rb1 a5 24. Nf1 Rac8 25. g3 b5 26. Kg2 g6 27.
h3 b4 28. a4 Nb6 29. Ne3 Nxa4 30. h4 Kg7 31. Kf1 Nb6 32. Ra1 a4 33. Kg2 Ra8 34.
Ra2 a3 35. Rd2 Nc4 36. Nxc4 dxc4 37. bxa3 Rxa3 38. Rxa3 bxa3 39. Rd1 Kf8 40.
Ra1 Ra7 41. Ra2 Ke7 42. Kf3 Kd6 43. Ke2 Kd5 44. Ke3 f6 45. f3 Kc6 46. Kd2 Kd5
47. Ke3 e5 48. dxe5 Kxe5 49. Kd2 Kd4 50. c3+ Kc5 51. Kd1 Kb5 52. Kc1 Ka4 53.
Kc2 Re7 54. Ra1 Re2+ 0-1

[Event "Mecklenburg-Vorpommern 1-Mecklenburg-Vor"]
[Site "Wismar"]
[Date "2009.10.01"]
[Round "3.8"]
[White "Sadewasser, Lucie"]
[Black "Wagner, Swenja"]
[Result "1-0"]
[WhiteElo "1031"]
[BlackElo "845"]
[PlyCount "113"]
[EventDate "2009.??.??"]
[WhiteTeam "Mecklenburg-Vorpommern 1"]
[BlackTeam "Mecklenburg-Vorpommern 2"]

1. e4 {[%emt 0:00:00]} e5 2. Nf3 Nc6 3. Bb5 a6 4. Bxc6 dxc6 5. Nc3 Bg4 6. d3
Nf6 7. h3 Bh5 8. Bg5 Bb4 9. O-O h6 10. Bh4 Bxc3 11. bxc3 Qd6 12. Qe2 O-O-O 13.
Qe3 b6 14. Nd2 Qc5 15. Qxc5 bxc5 16. Nb3 c4 17. dxc4 g5 18. Bg3 Nxe4 19. Bxe5
Rhe8 20. Bd4 Be2 21. Rfe1 Bxc4 22. Na5 Bb5 23. Rab1 Nd2 24. Rxe8 Nxb1 25. Rxd8+
Kxd8 26. c4 Bxc4 27. Nxc4 h5 28. Bf6+ Kd7 29. Bxg5 f5 30. f3 Nc3 31. g4 hxg4
32. fxg4 fxg4 33. hxg4 Ne2+ 34. Kf2 Nd4 35. Ne5+ Ke6 36. Bf4 Nxc2 37. g5 Kf5
38. g6 Kf6 39. Bh6 Nd4 40. g7 Nf5 41. g8=Q Nxh6 42. Qg6+ Kxe5 43. Qxh6 Kd5 44.
Qf4 Kc5 45. Qxc7 a5 46. Qxa5+ Kd6 47. Qb4+ Kc7 48. a4 Kd7 49. a5 Kc7 50. Qb6+
Kd7 51. a6 Kd6 52. a7 Kd7 53. a8=Q Kd6 54. Qaxc6+ Ke5 55. Qbb5+ Kd4 56. Qcd5+
Kc3 57. Qdd3# 1-0